The Dictator Files: Pol Pot - Statistics

General Stats
  • This quiz has been taken 347 times
  • The average score is 7 of 15
Answer Stats
Question Answer % Correct
Country that colonized Cambodia until 1953 France
90%
Country that invaded Cambodia and overthrew Pol Pot's regime Vietnam
86%
Pol Pot's political ideology Communism
81%
Country this guerrilla group received about 90% of their funding from China
71%
Country, now known as Cambodia, that Pol Pot led Kampuchea
64%
Guerrilla Group and later political party known for mass murders Khmer Rouge
64%
Percentage of Cambodia's population massacred by Pol Pot during his regime 21-24
39%
Commodity his regime abolished, being the only country ever to do so Money
35%
Pol Pot's birth name Saloth Sâr
27%
Name a nickname used by Pol Pot at any time in his life (besides Pol Pot) Pouk | Hay | Pol | 87 | Grand-Uncle | Elder Brother | First Brother | 99 | Phem
22%
Prime Minister installed in 1985, still ruling Cambodia today Hun Sen
20%
King of Cambodia before the abolition of the monarchy Norodom Sihanouk
20%
Pol Pot wanted _____, or self-sufficiency for Cambodia Autarky
14%
Sect of Buddhism he was raised following Theravada
14%
Village Pol Pot was born in Prek Sbauv
8%
No matching quizzes found
Score Distribution
Percent of People with Each Score
Percentile by Number Answered
Your Score History
You have not taken this quiz